=LDR 00000nam 2200000 4500 =001 INLIS000000000052032 =990 ##$$a 01201900690 =990 ##$$a 217052019 =005 20230328083254 =990 ##$$a 01201801162 =990 ##$$a 01201801162 =035 ##$$a 0010-0118000220 =990 ##$$a 01201801163 =990 ##$$a 01201801163 =007 ta =990 ##$$a 01201801164 =990 ##$$a 01201801164 =008 230328################g##########0#ind## =990 ##$$a 01201801165 =990 ##$$a 01201801165 =020 ##$$a 978-979-007-350-0 =990 ##$$a 21706217 =990 ##$$a 21706217 =082 ##$$a 362.82 =990 ##$$a 01201901530 =990 ##$$a 01201901530 =084 ##$$a 362.82 MUR k =990 ##$$a 21706218 =990 ##$$a 21706218 =100 #$$a Moerti Hadiati Soeroso =245 1#$$a Kekerasan Dalam Rumah Tangga : $b Dalam Perspek Bit Yuridis /$c Moerti Hadiati Soeroso =250 ##$$a cet.3 =260 ##$$a Jakarta :$b Sinar Grafika,$c 2012 =300 ##$$a xx, 228 hlm : $b ilus. ; $c 23 cm =500 ##$$a Biografi : hlm. 227-228 =650 #4$$a Kekerasan-Rumah Tangga =504 ##$$a Bibliografi : hlm. 175-176 =990 ##$$a 01201801162 =990 ##$$a 01201801163 =990 ##$$a 01201801164 =990 ##$$a 01201801165 =990 ##$$a 21706217 =990 ##$$a 01201900690 =990 ##$$a 01201901530 =990 ##$$a 21706218 =990 ##$$a 21706217 =990 ##$$a 01201801162 =990 ##$$a 01201801163 =990 ##$$a 01201801164 =990 ##$$a 01201801165 =990 ##$$a 01201900690 =990 ##$$a 01201901530 =990 ##$$a 21706218